Statistics for Top 10 US states with the highest supplemental poverty rate

Click here to take the quiz!

General Stats

  • This quiz has been taken 20 times
  • The average score is 7 of 10

Answer Stats

AnswerHint% Correct
California19%
95%
New York15.5%
95%
Florida18.1%
89%
New Mexico15.2%
84%
Mississippi15.9%
79%
Louisiana17.7%
74%
New Jersey15.1%
74%
Hawaii15%
68%
Arizona & Georgia15.6% (tie)
42%
Texas & Virginia14.7% (tie)
42%

Score Distribution

Percentile by Number Answered

Percent of People with Each Score

Your Score History

You have not taken this quiz